Movies Quiz

Random Movies or Clickable Quiz
Score 0/50 Timer 07:00
5 Plays Today
% Correct
Trek
93.8%
Mad
93.6%
Escape
92.9%
Kramer
92.8%
After
92.4%
School
91.9%
Life
90.9%
Jazz
90.7%
Movie
89.4%
Amityville
88.8%
Apocalypse
85.9%
Over
85.2%
Kid
84.3%
Rae
84.3%
Stranger
84.2%
Laws
84%
Black
83.9%
Justice
80.1%
China
79.8%
Airport
79.8%
Poseidon
78.7%
Main
77.7%
Graffiti
76.8%
Stallion
76.7%
Edge
76.2%
% Correct
Hot
76%
Away
75.9%
Being
75%
Brilliant
73.7%
Murder
72.9%
Drum
72.5%
Force
69.6%
Going
68.8%
Nosferatu
67.5%
Maria
67.3%
Dallas
67.1%
Scavenger
66.5%
Street
66.1%
Pittsburgh
66%
Electric
65.2%
Musketeer
64.4%
Joe
60.7%
Romance
60.4%
Onion
60.1%
Vixens
59.4%
Santini
56.5%
Cagliostro
51.6%
Roller
49%
Zulu
35.5%
Blood
30%
Remove Ads.
Support Sporcle.
Get the best of Sporcle when you Go Orange. This ad-free experience offers more features, more stats, and more fun while also helping to support Sporcle. Thank you for becoming a member.

You're not logged in!

Compare scores with friends on all Sporcle quizzes.
OR
Log In

Show Comments

Extras

Top Quizzes Today


Score Distribution

Your Account Isn't Verified!

In order to create a playlist on Sporcle, you need to verify the email address you used during registration. Go to your Sporcle Settings to finish the process.

Report this User

Report this user for behavior that violates our Community Guidelines.

Details: